00422nam a2200133Ia 4500008004100000020003000041082002300071100001700094245004300111260004500154300003100199650003600230852002200266190805s9999||||xx |||||||||||||| ||und|| a9789380618197cRs. 295.0004a338.5024658bG34621 aGhosh, B. N.10aFoundations of Managerial Economics /  aNew Delhi : bAne Books Pvt. Ltd.,c2011 axii, 350 p.b : c; 24 cm. 0aManagerial economicsvTextbooks aIMU Kochi Library